Welcome to CU Library Online Public Access Catalogue (OPAC)

Texts under negotiation : (Record no. 6427)

MARC details
000 -LEADER
fixed length control field 00522cam a2200169 a 4500
001 - CONTROL NUMBER
control field 1578655
005 - DATE AND TIME OF LATEST TRANSACTION
control field 20250612130259.0
008 - FIXED-LENGTH DATA ELEMENTS--GENERAL INFORMATION
fixed length control field 930121s1993 mnu b 001 0 eng
020 ## - INTERNATIONAL STANDARD BOOK NUMBER
International Standard Book Number 0800627369 (pbk. : alk. paper)
050 00 - LIBRARY OF CONGRESS CALL NUMBER
Classification number BS500
Item number .B78 1993
082 00 - DEWEY DECIMAL CLASSIFICATION NUMBER
Classification number 220.6/01
Edition information 20
100 1# - MAIN ENTRY--PERSONAL NAME
Personal name Brueggemann, Walter.
245 10 - TITLE STATEMENT
Title Texts under negotiation :
Remainder of title the Bible and postmodern imagination /
Statement of responsibility, etc. Walter Brueggemann.
260 ## - PUBLICATION, DISTRIBUTION, ETC.
Place of publication, distribution, etc. Minneapolis :
Name of publisher, distributor, etc. Fortress Press,
Date of publication, distribution, etc. c1993.
300 ## - PHYSICAL DESCRIPTION
Extent x, 117 p. ;
Dimensions 22 cm.
942 ## - ADDED ENTRY ELEMENTS (KOHA)
Source of classification or shelving scheme Library of Congress Classification
Koha item type Books
Suppress in OPAC No
999 ## -
-- 6427
-- 6427
Holdings
Withdrawn status Lost status Source of classification or shelving scheme Damaged status Not for loan Collection Home library Current library Shelving location Date acquired Total checkouts Full call number Barcode Date last seen Copy number Price effective from Koha item type
    Library of Congress Classification     Non-fiction Undergraduate Library (Christ Temple) Undergraduate Library (Christ Temple) General stacks 06/12/2025   BS500 BRU ulct00003223 06/12/2025 1 06/12/2025 Books
© 2023-2024 Copyright: Central University Libraries. All Rights Reserved | Created by: Mahone Tech Office